000 00874nam a2200253Ia 4500
003 OSt
005 20220923224916.0
006 a|||||r|||| 00| 0
007 ta
008 220922b |||||||| |||| 00| 0 hin d
024 _a253,530
037 _cTextual
040 _aARTS
_cARTS
_bhin
041 _2hin
_ahin
082 _aO152,3x(MY), N3
100 _aमुद्गल, अवधनारायण, संपा.
245 0 _aअड़तीस खेल कहानियॉं
246 _aAड़tīs khel kahāniyaॉan
260 _aदिल्ली
_b अनामिका प्रकाशन
_c1993
300 _a200पृ.
_ccm.
650 _aहिन्दी साहित्य
_9156264
942 _hO152,3x(MY), N3
_cTEXL
_2CC
999 _c374592
_d374592